LIBRARY & INFORMATION CENTRE, KCAET, TAVANUR

ONLINE PUBLIC ACCESS CATALOGUE (OPAC)

DEVELOPMENT AND PERFORMANCE EVALUATION OF TENDER JACKFRUIT PEELER (Record no. 17597)

MARC details
000 -LEADER
fixed length control field 00411nam a22001337a 4500
003 - CONTROL NUMBER IDENTIFIER
control field OSt
082 ## - DEWEY DECIMAL CLASSIFICATION NUMBER
Classification number 630
088 ## - REPORT NUMBER
Report number P551
100 ## - MAIN ENTRY--AUTHOR NAME
Personal name ANKITH ANILKUMAR
-- AVEEN RAGH
-- AMAN
-- VAISAKH, K
245 ## - TITLE STATEMENT
Title DEVELOPMENT AND PERFORMANCE EVALUATION OF TENDER JACKFRUIT PEELER
260 ## - PUBLICATION, DISTRIBUTION, ETC. (IMPRINT)
Place of publication Thavanur
Year of publication 2022
700 ## - ADDED ENTRY--PERSONAL NAME
Personal name Dr Rajesh
942 ## - ADDED ENTRY ELEMENTS (KOHA)
Koha item type Project Report
260 ## - PUBLICATION, DISTRIBUTION, ETC. (IMPRINT)
-- Kelappaji College of Agricultural Engineering and Technology
Holdings
Collection code Home library Current library Shelving location Full call number Accession Number Koha item type
Reference KAUAET KAUAET Reference1 630 P551 Project Report
free website counter